Todos los álbumes de Mora - Estadísticas

Estadísticas generales
  • Esta prueba ha sido intentada 231 veces
    151 desde el último reinicio
  • La puntuación promedio es 55 de 77
Estadísticas de respuestas
Hint Respuesta % Correcto
Mora, C.Tangana DROGA
92%
Mora Primer Dia de Clases
91%
Mora, Quevedo APA
89%
Mora, JHAYCO 512
87%
Mora, De La Rose AURORA
87%
Mora LO MISMO DE SIEMPRE
87%
Mora TEMA DE JORY
87%
Mora, Ryan Castro MIL VIDAS
86%
Mora, Feid LA INOCENTE
85%
Mora, JHAYCO MEMORIAS
85%
Mora, YOVNGCHIMI MODELITO
85%
Mora BIENVENIDA AL PARAÍSO
83%
Mora, SAIKO REINA
83%
Mora Tuyo
83%
Mora, Dei V DIAMONDS
82%
Mora DONDE SE APRENDE A QUERER?
82%
Mora, Danny Ocean EIVISSA
82%
Mora DETRAS DE TU ALMA
80%
Mora MEDIA LUNA
80%
Mora, Jory Boy DE PAQUETE
79%
Mora, Omar Courtz MÁS QUE ALGO
79%
Mora, ELENA ROSE PLAYA PRIVADA
79%
Mora, Dei V LA PRESIDENCIAL
78%
Mora, Sech TUS LÁGRIMAS
78%
Mora badtrip :(
77%
Mora Volando
77%
Mora CALENTÓN
76%
Mora, Alvaro Diaz CÓRCEGA
76%
Mora DOMINGO DE BOTE
76%
Mora, RaiNao PIDE
76%
Mora, RaiNao UN DESEO
76%
Mora 2010
75%
Mora, Young Miko TOA
75%
Mora CUANDO ME VAYA
72%
Mora, Arcángel LAGUNA
72%
Mora, Juliito La Receta
72%
Mora BANDIDA
71%
Mora, Sech EL ÚLTIMO BESO
71%
Mora ESCALOFRÍOS
71%
Mora ROBERT DE NIRO
71%
Mora Te Conoci Perriando
71%
Mora COMO HAS ESTAU?
70%
Mora, paopao COSITAS
70%
Mora PASAJERO
70%
Mora, Lunay Cuando Sera
69%
Mora Desaparecer
69%
Mora, Arcángel En un Avion
69%
Mora, Yandel PÓLVORA
69%
Mora EN LA ORILLA
68%
Mora ORO ROSADO
68%
Mora, Zion TU AMIGO
68%
Mora, De La Ghetto AIRBNB
67%
Mora CASUALIDAD
67%
Mora OTRA NOCHE SIN DORMIR
67%
Mora MAREA
66%
Mora OJOS COLORAU
66%
Mora QUE HABILIDAD
66%
Mora, Mariah Angeliq Afuego
64%
Mora DE INMEDIATO
64%
Mora, JHAYCO Pégate - Remix
64%
Mora QSY
64%
Mora PISTA DE ATERRIZAJE
63%
Mora Vacio
62%
Mora SALU
60%
Mora AYER Y HOY
59%
Mora LOKITA
59%
Mora PECADO
57%
Mora TU SABES DONDE VIVO
57%
Mora La Carita
56%
Mora MALAFAMA
56%
Mora FANTASÍAS
55%
Mora LEJOS DE TI
54%
Mora LINDOR
54%
Mora EL CHACAL
53%
Mora Fin del Mundo
53%
Mora, Omy de Oro Que Tu Dice?
53%
Mora, Farruko No Digas Nada
52%
No se encontraron pruebas coincidentes
Distribución de puntuación
Porcentaje de gente con cada puntuación
Porcentaje por número respondido
Historial de tus puntuaciones
No has intentado esta prueba desde el último reinicio